Piaty raz nedostižná Brazília

Bibliographic Details
Format: Article
Language:Slovak
PhysicalDescription:Fotogr., tab.
ISSN:0139-7001
Subjects:

MARC

LEADER 00000nab a2200000 ar4500
001 vtls010106308
003 SK-MaSNL
005 20260305044031.0
008 100615c20100605xo ||||||||||||00 b|slo
015 |a SNBRB2010/06  |2 snkbucl 
038 |a SNKBUCL 
040 |a SNKBUCL  |b slo  |c SNKBUCL  |e AACR2 
041 0 |a slo 
044 |a xo  |c SK 
080 |a 796.332.093.1  |x (100)  |x (091)  |2 2001 
245 0 0 |a Piaty raz nedostižná Brazília 
300 |b Fotogr., tab. 
611 2 7 |a Majstrovstvá sveta vo futbale  |n (17. :  |d 2002 :  |c Kórejská republika a Japonsko)  |2 snkbucl  |9 202669 
650 0 7 |a futbal  |2 snkbucl  |9 3291 
650 0 7 |a dejiny športu  |2 snkbucl  |9 59611 
773 0 |t Šport  |g Roč. 64, č. 128 (5.6.2010), s. 8-9  |x 0139-7001 
852 |a SNK  |b KIS3GCP 
856 |a http://denniksport.sk/article/135487/piaty-raz-nedostizna-brazilia 
999 |c 3356238  |d 3358168